[Event "Niedersachsen-ch op-A"]
[Site "Verden"]
[Date "2014.01.03"]
[Round "4"]
[White "Balazs, Balint"]
[Black "Stipancic, Michael"]
[Result "0-1"]
[WhiteElo "1846"]
[BlackElo "1809"]
[PlyCount "110"]
[EventDate "2014.01.02"]
[EventType "swiss"]
[EventRounds "7"]
[EventCountry "GER"]
[SourceTitle "EXT 2016"]
[Source "ChessBase"]
[SourceDate "2015.10.08"]
[SourceVersion "1"]
[SourceVersionDate "2015.10.08"]
[SourceQuality "1"]

1. e4 c6 2. d4 d5 3. e5 Bf5 4. Ne2 e6 5. Ng3 Bg6 6. h4 h6 7. h5 Bh7 8. Bd3 Bxd3 9. Qxd3 Qa5+ 10. c3 Qa6 11. Ke2 Ne7 12. f4 Qxd3+ 13. Kxd3 Na6 14. Be3 Nf5 15. Nxf5 exf5 16. Nd2 Kd7 17. g4 Ke6 18. Rag1 Rg8 19. Nf3 Be7 20. g5 Rac8 21. Rg2 b6 22. Rhg1 Rh8 23. Bf2 c5 24. Bh4 c4+ 25. Ke3 Nb8 26. gxh6 gxh6 27. Rg7 Nc6 28. Bf6 Bxf6 29. exf6 Kxf6 30. Ne5 Nxe5 31. fxe5+ Ke6 32. Kf4 a5 33. R7g3 b5 34. Ke3 a4 35. Rf3 Rhg8 36. Rfg3 Rh8 37. Rg7 Rb8 38. Kd2 Rbc8 39. Kc2 Rb8 40. b3 a3 41. R7g2 Rhc8 42. Rg3 Rh8 43. Rg7 Rbc8 44. bxc4 bxc4 45. Rb1 Rb8 46. Rb4 f4 47. Kd2 Rhg8 48. Rxg8 Rxg8 49. Rb6+ Kf5 50. Rf6+ Ke4 51. e6 Rg2+ 52. Ke1 fxe6 53. Rxe6+ Kd3 54. Rxh6 Rxa2 55. Ra6 Rh2 0-1

[Event "Niedersachsen-ch op-A"]
[Site "Verden"]
[Date "2014.01.03"]
[Round "3"]
[White "Stipancic, Michael"]
[Black "Schmugge, Jens"]
[Result "1-0"]
[WhiteElo "1809"]
[BlackElo "1631"]
[PlyCount "78"]
[EventDate "2014.01.02"]
[EventType "swiss"]
[EventRounds "7"]
[EventCountry "GER"]
[SourceTitle "EXT 2016"]
[Source "ChessBase"]
[SourceDate "2015.10.08"]
[SourceVersion "1"]
[SourceVersionDate "2015.10.08"]
[SourceQuality "1"]

1. c4 e6 2. g3 Nf6 3. Bg2 d5 4. e3 Nbd7 5. b3 dxc4 6. bxc4 Ne5 7. d4 Ned7 8. Ne2 Be7 9. 0-0 0-0 10. Bb2 Rb8 11. e4 c6 12. e5 Ne8 13. Kh1 f6 14. f4 Nb6 15. Qc2 c5 16. Nd2 cxd4 17. Nxd4 Bc5 18. N4b3 Na4 19. Ne4 Bb6 20. Ba3 Rf7 21. c5 Bc7 22. Rad1 Bd7 23. Nd6 Bxd6 24. cxd6 b5 25. Bb4 Qc8 26. Qd2 Nb6 27. Rc1 Nc4 28. Qd4 Bc6 29. Nc5 fxe5 30. fxe5 Rxf1+ 31. Rxf1 Bd7 32. Qf4 Nexd6 33. Nxd7 Qxd7 34. Bxd6 Nxd6 35. exd6 Rd8 36. Rd1 Rf8 37. Qe4 a6 38. Qc6 Rd8 39. Qxa6 Kf7 1-0

[Event "Niedersachsen-ch op-A"]
[Site "Verden"]
[Date "2013.01.05"]
[Round "5"]
[White "Braun, Alexander"]
[Black "Stipancic, Michael"]
[Result "0-1"]
[WhiteElo "1783"]
[BlackElo "1851"]
[PlyCount "136"]
[EventDate "2013.01.03"]
[EventType "swiss"]
[EventRounds "7"]
[EventCountry "GER"]
[SourceTitle "EXT 2014"]
[Source "ChessBase"]
[SourceDate "2013.11.20"]
[SourceVersion "1"]
[SourceVersionDate "2013.11.20"]
[SourceQuality "1"]

1. d4 Nf6 2. c4 e6 3. Nc3 Bb4 4. Qc2 c5 5. dxc5 Bxc5 6. Nf3 0-0 7. e3 Nc6 8. a3 d5 9. Bd3 dxc4 10. Bxc4 a6 11. 0-0 Qc7 12. Rd1 b5 13. Nxb5 axb5 14. Bxb5 Ne7 15. b4 Bd6 16. Qxc7 Bxc7 17. Bb2 Ned5 18. Rac1 Bb6 19. Bc6 Ra7 20. Nd4 Bb7 21. Nb5 Bxc6 22. Rxc6 Rb7 23. Nd6 Rbb8 24. Kf1 Rfd8 25. Rdc1 Ne7 26. R6c2 Rxd6 27. Be5 Rdd8 28. Bxb8 Rxb8 29. a4 Nfd5 30. b5 Kf8 31. e4 Nf6 32. f3 Ke8 33. Ke2 Nd7 34. Kd3 Ra8 35. Ra2 Nc5+ 36. Rxc5 Bxc5 37. a5 Kd8 38. Kc4 Rc8 39. a6 Bb6+ 40. Kb4 Kc7 41. Rc2+ Kb8 42. Rd2 Rd8 43. Rc2 Rd4+ 44. Kc3 Rd1 45. h3 Rb1 46. Kc4 Nc8 47. Rd2 Kc7 48. e5 Re1 49. f4 Re4+ 50. Kb3 Rxf4 51. Rc2+ Kb8 52. Rd2 Rd4 53. Rc2 Rd5 54. Re2 Rxb5+ 55. Kc4 Rd5 56. Re4 Ra5 57. Kb4 Rxa6 58. Rh4 h6 59. Rg4 g6 60. Rf4 Ra7 61. Rf1 Bc7 62. Kb5 Bxe5 63. Kc6 Rc7+ 64. Kb5 Kb7 65. Rb1 Rc2 66. Ka5+ Kc6 67. g4 Rc4 68. Rb4 Bc3 0-1